[Event "AUTO-OPEN-2820"]
[Site "http://www.queenalice.com/game.php?id=1113396"]
[Date "2012.10.17"]
[Round "1"]
[White "TomBishop"]
[Black "pe4"]
[Result "1-0"]
[WhiteElo "1656"]
[BlackElo "1880"]

1. e4 e5 2. Nf3 Nc6 3. Nc3 Nf6 4. Bc4 d6 5. Ng5 d5 6. exd5 Nxd5 7. Bxd5 Qxg5 8.
Bxc6+ bxc6 9. Qf3 Bb7 10. d4 Qg6 11. Qe2 O-O-O 12. O-O c5 13. f3 exd4 14. Ne4
Ba6 15. c4 d3 16. Qe3 Bxc4 17. Nxc5 d2 18. Rd1 dxc1=Q 19. Rdxc1 Bxc5 20. Qxc5
Qb6 21. Rxc4 Qxc5+ 22. Rxc5 Rd7 23. h3 Rhd8 24. Ra5 Kb7 25. Rb5+ Ka6 26. Re5 f6
27. Re3 Kb7 28. Kh2 h5 29. Rc1 g5 30. b4 Kb6 31. Re6+ Kb5 32. Rxf6 Kxb4 33. Rg6
c5 34. Rxg5 Rd5 35. a3+ Kb3 36. Rxc5 Rxg5 37. Rxg5 Kxa3 38. Ra5+ Kb4 39. Rxa7
Rd5 40. Kg3 Rd4 41. Rh7 1-0

[Event "AUTO-ADV-2664"]
[Site "http://www.queenalice.com/game.php?id=1117221"]
[Date "2012.10.30"]
[Round "1"]
[White "TITAN10"]
[Black "pe4"]
[Result "1-0"]
[WhiteElo "1912"]
[BlackElo "1905"]

1. e4 e5 2. Nf3 Nc6 3. c3 Nf6 4. d3 Bc5 5. h3 O-O 6. Be2 d6 7. Bg5 h6 8. Bh4 g5
9. Bg3 Be6 10. Nbd2 Nh5 11. Bh2 Nf4 12. Bxf4 exf4 13. d4 Nxd4 14. cxd4 Bb6 15.
d5 Bd7 16. Qc2 f5 17. Bd3 g4 18. hxg4 fxg4 19. Nh4 g3 20. f3 Bf2+ 21. Ke2 c6 22.
Nf5 Bxf5 23. Rxh6 Qe7 24. Rah1 Qg7 25. exf5 Qe5+ 26. Kd1 Rfe8 27. Be4 cxd5 28.
Rg6+ Kf7 29. Qc7+ Re7 30. Rh7+ Kf8 31. Rxe7 Qxe7 32. Rg8+ Kxg8 33. Qxe7 dxe4 34.
Nxe4 d5 35. Nf6+ Kh8 36. Qh7# 1-0

[Event "AUTO-ADV-2664"]
[Site "http://www.queenalice.com/game.php?id=1117222"]
[Date "2012.10.30"]
[Round "1"]
[White "pe4"]
[Black "TITAN10"]
[Result "0-1"]
[WhiteElo "1883"]
[BlackElo "1969"]

1. e4 c5 2. f4 d6 3. Nf3 Bg4 4. Be2 Nc6 5. O-O Nf6 6. Nc3 e6 7. d3 a6 8. h3 Bxf3
9. Bxf3 Qc7 10. Be3 O-O-O 11. a3 d5 12. Bf2 Qxf4 13. Ne2 Qe5 14. c3 dxe4 15. Bg3
Qd5 16. dxe4 Qxd1 17. Rfxd1 Be7 18. b4 e5 19. Bf2 b6 20. Ng3 g6 21. Nf1 Rxd1 22.
Rxd1 Rd8 23. Rxd8+ Kxd8 24. Nd2 Nd7 25. Nc4 b5 26. Ne3 cxb4 27. axb4 a5 28. bxa5
Nxa5 29. Nd5 Bd6 30. Nb6 Nxb6 31. Bxb6+ Bc7 32. Bxc7+ Kxc7 33. Kf2 Kc6 34. Kg3
Kc5 35. Be2 Nb7 36. Kg4 f6 37. Kh4 Nd6 38. Bd3 b4 39. cxb4+ Kxb4 40. g4 Kc3 41.
Bb1 Kd4 42. g5 fxg5+ 43. Kxg5 Nxe4+ 44. Kh6 Nf2 45. Kxh7 g5 46. Bf5 Ke3 47. Kg6
Kf4 48. Kf6 e4 49. Bd7 e3 50. Bb5 Nxh3 51. Bf1 g4 52. Kg6 g3 53. Bxh3 Kf3 54.
Bf1 g2 55. Bxg2+ Kxg2 0-1

[Event "AUTO-ADV-2664"]
[Site "http://www.queenalice.com/game.php?id=1117237"]
[Date "2012.10.30"]
[Round "1"]
[White "pe4"]
[Black "joseluisgrilo"]
[Result "1-0"]
[WhiteElo "1870"]
[BlackElo "1793"]

1. e4 e5 2. Nf3 Nc6 3. Bc4 Nf6 4. Ng5 d5 5. exd5 Nxd5 6. Qf3 Be6 7. Nxe6 fxe6 8.
Nc3 Qf6 9. Nxd5 exd5 10. Bxd5 O-O-O 11. Bxc6 bxc6 12. Qxf6 gxf6 13. d3 Bc5 14.
Be3 Bb6 15. O-O-O Bxe3+ 16. fxe3 Rhg8 17. g3 Rg5 18. c3 c5 19. Kc2 Kb7 20. Rhf1
f5 21. Rd2 e4 22. d4 c4 23. b3 cxb3+ 24. axb3 h5 25. c4 c6 26. Rdf2 Kb6 27. Rxf5
Rxf5 28. Rxf5 Rh8 29. Re5 1-0

[Event "AUTO-ADV-2664"]
[Site "http://www.queenalice.com/game.php?id=1117238"]
[Date "2012.10.30"]
[Round "1"]
[White "joseluisgrilo"]
[Black "pe4"]
[Result "0-1"]
[WhiteElo "1778"]
[BlackElo "1869"]

1. d4 Nf6 2. Nf3 d5 3. e3 Nc6 4. Bd3 Bg4 5. h3 Bh5 6. O-O e6 7. Bb5 a6 8. Ba4 b5
9. Bb3 Na5 10. c3 c5 11. Nbd2 c4 12. Bc2 Bd6 13. a4 b4 14. cxb4 Bxb4 15. b3 c3
16. Nb1 Ne4 17. Qe1 Qf6 18. Qe2 O-O 19. g4 Bg6 20. Ne5 Nb7 21. Nxg6 fxg6 22. Kg2
e5 23. Bxe4 dxe4 24. Qc4+ Kh8 25. Qxb4 Qf3+ 26. Kh2 exd4 27. exd4 Nd8 28. Qxc3
Ne6 29. d5 Qe2 30. Qe1 Nd4 31. Qxe2 Nxe2 32. Be3 Rfd8 33. Re1 Rxd5 34. Ra2 Nd4
35. Rd2 Nf3+ 36. Kg3 Nxd2 37. Nxd2 Re8 38. Rc1 Red8 39. Bg5 Rxg5 40. f3 e3 41.
Ne4 Rgd5 42. Kf4 Rd3 43. Nc3 Rc8 0-1

[Event "AUTO-ADV-2664"]
[Site "http://www.queenalice.com/game.php?id=1117239"]
[Date "2012.10.30"]
[Round "1"]
[White "pe4"]
[Black "ggg09"]
[Result "0-1"]
[WhiteElo "1884"]
[BlackElo "2169"]

1. e4 e6 2. Nf3 c5 3. Nc3 Nc6 4. Bc4 a6 5. O-O b5 6. Be2 Qc7 7. a3 Bd6 8. d3 Bb7
9. Be3 Nf6 10. d4 cxd4 11. Nxd4 Bxh2+ 12. Kh1 Be5 13. f3 Nh5 14. Qd2 Ng3+ 15.
Kg1 Nxd4 16. Rfe1 Ndxe2+ 17. Nxe2 Bxb2 18. Rab1 Nxe2+ 19. Rxe2 Bxa3 20. Bf4 e5
21. Bg3 O-O 22. Rb3 Bc5+ 23. Kh1 f5 24. Rd3 d6 25. Qg5 fxe4 26. fxe4 Rf1+ 27.
Kh2 Bg1+ 28. Kh3 Bc8+ 29. Kh4 h6 30. Qh5 Qe7+ 0-1

[Event "AUTO-ADV-2664"]
[Site "http://www.queenalice.com/game.php?id=1117240"]
[Date "2012.10.30"]
[Round "1"]
[White "ggg09"]
[Black "pe4"]
[Result "1-0"]
[WhiteElo "2176"]
[BlackElo "1889"]

1. e4 e5 2. Nf3 Nc6 3. Bc4 Nf6 4. Ng5 d5 5. exd5 b5 6. Bf1 Nxd5 7. Qf3 Qxg5 8.
Bxb5 Bd7 9. Qxd5 Qf6 10. O-O Be7 11. Nc3 O-O 12. Qxd7 Nd4 13. Nd5 Qd6 14. Nxe7+
Kh8 15. Qxd6 cxd6 16. c4 Nxb5 17. cxb5 Rfe8 18. Nc6 d5 19. b3 f5 20. Bb2 d4 21.
Rfe1 g6 22. Nxe5 Kg7 23. Bxd4 Kh6 24. Nf7+ Kh5 25. Re3 g5 26. Rh3+ Kg6 27. Ne5+
Kg7 28. Rc1 Kg8 29. Rh5 Re7 30. Rxg5+ Kf8 31. Bc5 1-0

[Event "AUTO-OPEN-2830"]
[Site "http://www.queenalice.com/game.php?id=1117287"]
[Date "2012.10.30"]
[Round "1"]
[White "pe4"]
[Black "Edicapa"]
[Result "1-0"]
[WhiteElo "1806"]
[BlackElo "1651"]

1. e4 e5 2. Nf3 Nc6 3. Bc4 Nf6 4. Ng5 d5 5. exd5 Nxd5 6. Nxf7 Kxf7 7. Qf3+ Qf6
8. Bxd5+ Be6 9. Bxc6 bxc6 10. Qxc6 Bd6 11. Nc3 Rhd8 12. d3 Bd7 13. Qe4 Bf5 14.
Qf3 Be6 15. Qxf6+ gxf6 16. Ne4 Rg8 17. g3 Bd5 18. Nxd6+ cxd6 19. Rg1 Rac8 20. c3
f5 21. h3 f4 22. g4 Rg6 23. c4 Bf3 24. b3 Rcg8 25. Ba3 h5 26. Kd2 hxg4 27. hxg4
Ke6 28. Kc3 Rxg4 29. Rxg4 Rxg4 30. Rb1 Rg2 31. Rb2 Rg1 32. c5 Rc1+ 33. Kd2 Rd1+
34. Kc3 Rc1+ 35. Rc2 Rxc2+ 36. Kxc2 d5 37. Bc1 1-0

[Event "AUTO-OPEN-2830"]
[Site "http://www.queenalice.com/game.php?id=1117288"]
[Date "2012.10.30"]
[Round "1"]
[White "Edicapa"]
[Black "pe4"]
[Result "0-1"]
[WhiteElo "1824"]
[BlackElo "1881"]

1. d4 d5 2. c4 c6 3. Nc3 Nf6 4. e3 Bf5 5. Bd3 Bxd3 6. Qxd3 e6 7. Nf3 Bd6 8. O-O
dxc4 9. Qxc4 Nd5 10. e4 Nb6 11. Qb3 N8d7 12. Be3 O-O 13. Rad1 h6 14. a4 a5 15.
Ne2 Bb4 16. Bd2 Bxd2 17. Nxd2 Qc7 18. f4 Nc8 19. f5 exf5 20. Rxf5 Ne7 21. Rf3
Nf6 22. Rc1 Ng4 23. d5 Qxh2+ 24. Kf1 Ng6 25. Rh3 Qe5 26. dxc6 bxc6 27. Rg3 Qf6+
28. Rf3 Nh2+ 29. Kf2 Nxf3 30. Nxf3 Rfb8 31. Qc3 Qxc3 32. bxc3 Rb2 33. Nd4 Nf4
34. g3 Nd3+ 0-1

[Event "AUTO-OPEN-2830"]
[Site "http://www.queenalice.com/game.php?id=1117289"]
[Date "2012.10.30"]
[Round "1"]
[White "pe4"]
[Black "DORLISS"]
[Result "0-1"]
[WhiteElo "1821"]
[BlackElo "1850"]

1. e4 e5 2. Nf3 Nc6 3. Bc4 Nf6 4. Ng5 d5 5. exd5 Na5 6. Bb5+ c6 7. dxc6 bxc6 8.
Ba4 h6 9. Nf3 Ba6 10. d3 Bc5 11. O-O O-O 12. Nxe5 Qd4 13. Bxc6 Nxc6 14. Nxc6 Qh4
15. Be3 Ng4 16. Bf4 Bxf2+ 17. Kh1 g5 18. h3 Ne3 19. Bxe3 Bxe3 20. Ne7+ Kh7 21.
Nf5 Qb4 22. Nxe3 Bb7 23. b3 Qc5 24. Ng4 Kg6 25. Rf6+ Kg7 26. Rxh6 Qd5 27. Qd2
Rfe8 28. c4 Qd4 29. Qxg5+ Kf8 30. Qf6 Qxf6 31. Nxf6 Re2 32. Nd5 Re1+ 33. Kh2
Rae8 34. Ndc3 Kg7 35. Rh4 Rc1 36. Nb5 Ree1 37. N5c3 Rh1+ 38. Kg3 Rhg1 39. Rg4+
Kf8 40. Kh2 Rh1+ 41. Kg3 Rxc3 42. Nxc3 Rxa1 43. Kh4 Rc1 44. Ne4 Rc2 45. a3 Ke7
46. g3 Rb2 47. Nc5 Ba8 48. d4 Rh2 49. d5 Kd6 50. Ne4+ Kd7 0-1

[Event "AUTO-OPEN-2830"]
[Site "http://www.queenalice.com/game.php?id=1117290"]
[Date "2012.10.30"]
[Round "1"]
[White "DORLISS"]
[Black "pe4"]
[Result "1-0"]
[WhiteElo "1813"]
[BlackElo "1880"]

1. e4 e5 2. f4 exf4 3. Nf3 Bc5 4. d4 Bb6 5. Bc4 Nf6 6. O-O Nxe4 7. Re1 d5 8.
Bxf4 Bf5 9. Bb3 c6 10. Nbd2 h6 11. Nxe4 dxe4 12. Bxf7+ Kxf7 13. Ne5+ Kf6 14. Qh5
Bxd4+ 15. Kh1 Bxe5 16. Rad1 Qe8 17. Qh4+ g5 18. Bxe5+ Qxe5 19. g4 Be6 20. Rf1+
Ke7 21. Qh5 Qxb2 22. Qg6 Nd7 23. Qxe4 Nc5 24. Qe3 Qxc2 25. Qe5 Qg6 26. Qd6+ Ke8
27. Qxc5 Qe4+ 28. Kg1 Qxg4+ 29. Kh1 Qe4+ 30. Kg1 Qg4+ 31. Kh1 Bd5+ 32. Rxd5 cxd5
33. Qxd5 Ke7 34. Re1+ Kf8 35. Qd6+ Kg7 36. Re7+ 1-0

[Event "AUTO-ADV-2541"]
[Site "http://www.queenalice.com/game.php?id=1125574"]
[Date "2012.11.24"]
[Round "2"]
[White "Dcar"]
[Black "pe4"]
[Result "1-0"]
[WhiteElo "1851"]
[BlackElo "1836"]

1. Nf3 d5 2. d4 c6 3. g3 Bf5 4. Bg2 Nf6 5. O-O g6 6. Ng5 Bg7 7. c3 O-O 8. Bh3
Bxh3 9. Nxh3 Nbd7 10. Nd2 Nb6 11. b3 Qd7 12. Kg2 1-0

[Event "AUTO-ADV-2541"]
[Site "http://www.queenalice.com/game.php?id=1125575"]
[Date "2012.11.24"]
[Round "2"]
[White "pe4"]
[Black "Dcar"]
[Result "0-1"]
[WhiteElo "1853"]
[BlackElo "1834"]

1. e4 Nc6 2. f4 Nh6 3. Nf3 e6 4. Nc3 a6 5. Bc4 g6 6. h3 Bg7 7. d3 O-O 8. Be3 b5
9. Bb3 Na5 10. O-O Nxb3 11. axb3 b4 12. Ne2 d5 13. e5 a5 0-1

[Event "AUTO-ADV-2541"]
[Site "http://www.queenalice.com/game.php?id=1125578"]
[Date "2012.11.24"]
[Round "2"]
[White "kilmison"]
[Black "pe4"]
[Result "1-0"]
[WhiteElo "2181"]
[BlackElo "1861"]

1. d4 d5 2. c4 c6 3. Nc3 Nf6 4. Nf3 a6 5. a4 e6 6. e3 Bd6 7. Be2 O-O 8. O-O Qc7
9. c5 Be7 10. b4 Nbd7 11. a5 Ne8 12. Bd3 f6 13. Qc2 e5 14. Bxh7+ Kh8 15. Qf5 g5
16. Qg6 f5 17. Qh6 Ndf6 18. Bg6+ Kg8 19. dxe5 Bd8 20. exf6 Bxf6 21. Bb2 g4 22.
Ng5 Qg7 23. Qh7+ Qxh7 24. Nxh7 Nc7 25. Nxf8 Kxf8 26. f3 Nb5 27. Nxb5 Bxb2 28.
Nc7 Bxa1 29. Nxa8 Bc3 30. fxg4 Bxb4 31. Nb6 Be6 32. gxf5 Bg8 33. Rb1 Bxc5 34.
Nd7+ 1-0

[Event "AUTO-ADV-2541"]
[Site "http://www.queenalice.com/game.php?id=1125579"]
[Date "2012.11.24"]
[Round "2"]
[White "pe4"]
[Black "kilmison"]
[Result "1/2-1/2"]
[WhiteElo "1839"]
[BlackElo "2183"]

1. e4 e5 2. f4 f6 3. Nf3 Nc6 4. Nc3 d6 5. Bc4 Bg4 6. h3 Bxf3 7. Qxf3 Qe7 8. Qh5+
g6 9. Qf3 O-O-O 10. Nd5 Qd7 11. c3 Na5 12. Bb3 Ne7 13. Nxf6 Qb5 14. Be6+ Kb8 15.
d3 Bg7 16. Nd5 Nxd5 17. Bxd5 Rhf8 18. O-O exf4 19. d4 g5 20. a4 Qd7 21. b4 Nc6
22. a5 Ne7 23. Bc4 Nc6 24. Bb2 Rde8 25. b5 Ne7 26. a6 b6 27. Ba3 Ng6 28. e5 d5
29. Bxf8 Nh4 30. Qxd5 Qxd5 31. Bxd5 Bxf8 32. Bc6 Rd8 33. Rad1 Nf5 34. Rfe1 Ne3
35. Rd3 h5 36. Rdxe3 fxe3 37. Rxe3 Be7 38. Rf3 Rf8 39. Rxf8+ Bxf8 40. c4 Kc8 41.
d5 Bg7 42. e6 Kd8 43. Kf2 Ke7 44. Kf3 Bf8 45. Ke4 Kf6 46. Be8 h4 47. Bh5 Be7 48.
Be2 Bd6 49. Kf3 Kf5 50. Bd3+ Kf6 51. Kg4 Bb4 52. Kh5 Bf8 53. Kg4 Be7 54. g3 hxg3
55. Kxg3 1/2-1/2

[Event "AUTO-ADV-2541"]
[Site "http://www.queenalice.com/game.php?id=1125580"]
[Date "2012.11.24"]
[Round "2"]
[White "thw"]
[Black "pe4"]
[Result "1-0"]
[WhiteElo "1914"]
[BlackElo "1895"]

1. e4 e5 2. Nf3 Nc6 3. Bb5 d6 4. h3 Bd7 5. O-O a6 6. Ba4 Nf6 7. Re1 g6 8. c3 Bg7
9. d4 O-O 10. Bg5 Qe8 11. dxe5 Nxe5 12. Bxd7 Qxd7 13. Nxe5 Qb5 14. Bxf6 dxe5 15.
Bxg7 Kxg7 16. b3 Rad8 17. Qc2 Rd6 18. Na3 Qd3 19. Qxd3 Rxd3 20. Nc4 f6 21. Rac1
Rfd8 22. Na5 b5 23. Nc6 R8d6 24. Nb4 Rd2 25. Rc2 a5 26. Rxd2 Rxd2 27. Nd5 c6 28.
Ne7 c5 29. Nc6 Rxa2 30. Rd1 a4 31. bxa4 bxa4 32. Rd5 a3 33. Rxc5 Rc2 34. Nb4 Rb2
35. Ra5 Rb3 36. Nd5 f5 37. exf5 gxf5 38. c4 e4 39. c5 h5 40. c6 Rd3 41. c7 1-0

[Event "AUTO-ADV-2541"]
[Site "http://www.queenalice.com/game.php?id=1125581"]
[Date "2012.11.24"]
[Round "2"]
[White "pe4"]
[Black "thw"]
[Result "0-1"]
[WhiteElo "1858"]
[BlackElo "1876"]

1. e4 e6 2. d4 d5 3. e5 c5 4. c3 Nc6 5. Nf3 Qb6 6. a3 Nge7 7. dxc5 Qxc5 8. Be3
Qa5 9. b4 Qc7 10. Bd3 Ng6 11. Bd4 Ngxe5 12. Bb5 a6 13. Nxe5 axb5 14. Qe2 Nxd4
15. cxd4 Qc1+ 16. Qd1 Qb2 17. Nd2 Qxd4 18. Nef3 Qg4 19. h3 Qxg2 20. Rh2 Qg6 21.
Qe2 Bd6 22. Rh1 Bd7 23. Rg1 Qf6 24. Nb3 Qc3+ 25. Nfd2 Bxb4 26. Rg3 Qf6 27. Rf3
Bxd2+ 28. Kxd2 Qb2+ 29. Ke1 Qxe2+ 30. Kxe2 O-O 31. Nc5 Bc6 32. Rg1 Ra7 33. Rfg3
g6 34. h4 Rfa8 35. Ra1 b4 36. Kd3 Rxa3+ 37. Rxa3 bxa3 38. Nb3 a2 39. Na1 Ra3+
40. Kc2 Rxg3 41. fxg3 d4 0-1